000 00391nam a22001697a 4500
003 MPLRDC
005 20220104113757.0
008 210129b ||||| |||| 00| 0 eng d
082 _a857.45 GY-8 v.5
100 _a高阳
245 _a正德外记
_c
250 _a初版
260 _a
_b南京出版公司
_c1979
300 _b
650 _a历史小说
942 _cBK
_o857.45 GY-8 v.5
999 _c2275
_d2265